Revista de Derecho del Transporte

Detalles Bibliográficos
Formato: eBook
Lenguaje:español
Publicado: Madrid: Marcial Pons, 2010 -
Materias:
Acceso en línea:Acceso restringido

MARC

LEADER 00000nam a22000007a 4500
005 2021052006226.0
007 cr|||| ||||
008 210520c20109999es fr|w s|||| 0|||b1spa d
022 |a 1889-1810 
035 |a 33557 
040 |a vLex 
090 |c 11757  |d 11757 
245 1 0 |a Revista de Derecho del Transporte  |h [Recurso electrn̤ico] / 
256 |a Servicio en ln̕ea 
260 |a Madrid:  |b Marcial Pons,  |c 2010 - 
300 |a 1 recurso electrn̤ico 
310 |a Semestral 
506 1 |a Disponible solo en los productos indicados  |d vLex Global  |d vLex Global (Academic Edition, excluding Law Schools)  |d vLex Global (U.S. Academic Edition, Law Schools)  |d vLex Global (U.S. Academic Edition, excluding Law Schools)  |d vLex Global (Academic Edition, Law Schools) 
650 0 4 |a Transportes  |z Espaą 
740 0 |a vLex Revistas (Servicio en ln̕ea) 
856 4 0 |u https://vlex.com/source/revista-derecho-transporte-33557  |z Acceso restringido 
942 |c REV 
999 0 |a Transportation